La Russe par vous-méme (Record no. 27245)

MARC details
000 -LEADER
campo de control de longitud fija 00619nam a2200169 i 4500
001 - NÚMERO DE CONTROL
campo de control 27245
003 - IDENTIFICADOR DE NÚMERO DE CONTROL
campo de control ES-MaACL
005 - FECHA Y HORA DE LA ÚLTIMA TRANSACCIÓN
campo de control 20230906153602.0
007 - CAMPO FIJO DE DESCRIPCIÓN FÍSICA--INFORMACIÓN GENERAL
campo de control de longitud fija t|
008 - DATOS DE LONGITUD FIJA--INFORMACIÓN GENERAL
campo de control de longitud fija 030114s1918 fr ||||1| fre d
100 1# - ENTRADA PRINCIPAL--NOMBRE DE PERSONA
Nombre de persona Asnaourow, Felix.
9 (RLIN) 23629
245 13 - MENCIÓN DEL TÍTULO
Título La Russe par vous-méme
Resto del título : nouvelle methode practique (grammaire complete exercises, conversation) avec prononciation figure d'apres la methode Mare de Valette /
Mención de responsabilidad, etc. par Felix Asnaourow.
250 ## - MENCION DE EDICION
Mención de edición 2eme ed.
260 ## - PUBLICACIÓN, DISTRIBUCIÓN, ETC.
Lugar de publicación, distribución, etc. París :
Nombre del editor, distribuidor, etc. Librairie Russe y Française, L. Rodstein,
Fecha de publicación, distribución, etc. 1918 (
Fabricante L. Roostein)
300 ## - DESCRIPCIÓN FÍSICA
Extensión 180 p. ;
Dimensiones 20 cm.
852 ## - LOCALIZACIÓN
Ubicación ES-MaACL
Número de control de estantería A-1944
Holdings
Estatus retirado Estado de pérdida Estado de daño No para préstamo Biblioteca de origen Biblioteca actual Ubicación en estantería Fecha de adquisición Fuente de adquisición Total de préstamos Signatura topográfica completa Código de barras Visto por última vez Precio de reemplazo Tipo de ítem Koha
        Biblioteca del Ateneo de Madrid Biblioteca del Ateneo de Madrid Sala Pecera Planta 1 17/01/2008     A-1944 1028121 23/02/2023 23/02/2023 Libro impreso